000 00904nam a2200289 i 4500
001 bgj
100 1 _aTROLLOPE, Anthony
_d(1815-1882).
245 1 0 _aThe Warden /
_cAnthony Trollope ; edited with an introduction by David Skilton ; illustrated by Edward Ardizzone.
250 _a[Repr.].
260 _aOxford :
_bOxford University Press,
_c1989
_aNew York.
300 _aXXII, 294 pp :
_bill., map ;
_c19 cm.
490 1 _aThe World's Classics
500 _aReprint to the 1st World Classics pbk edition of 1981.
650 9 _aAlmshouses
650 9 _aClergy
650 9 _aDomestic fiction
655 _aFiction
700 1 _aSKILTON, David.
_eed.
700 1 _aARDIZZONE, Edward.
_eill.
830 _aThe World's Classics
020 _a0192815067 (pbk)
040 _cBPK
041 0 _aeng
920 _a0-19-281506-7 (pbk)
942 _cKS
008 s uk f |000 0 eng
999 _c49315
_d49315